Iliad (Record no. 8026)

MARC details
000 -LEADER
fixed length control field 00482cam a2200193ua 4500
001 - CONTROL NUMBER
control field 8939
005 - DATE AND TIME OF LATEST TRANSACTION
control field 20260515114415.0
008 - FIXED-LENGTH DATA ELEMENTS--GENERAL INFORMATION
fixed length control field 150218n ii |||gr||||Z||||||asm
040 ## - CATALOGING SOURCE
Transcribing agency MAIN
041 ## - LANGUAGE CODE
Language code of text/sound track or separate title asm
082 ## - DEWEY DECIMAL CLASSIFICATION NUMBER
Classification number 891.4514
100 ## - MAIN ENTRY--PERSONAL NAME
Personal name Chakrabarty, A. Kr.,
Relator term Translator.
245 1# - TITLE STATEMENT
Title Iliad
Statement of responsibility, etc. Translated by Amulya Kr. Chakrabarty
250 ## - EDITION STATEMENT
Edition statement 4th.
260 ## - PUBLICATION, DISTRIBUTION, ETC.
Place of publication, distribution, etc. Guwahati:
Name of publisher, distributor, etc. PB,
Date of publication, distribution, etc. 2004.
300 ## - PHYSICAL DESCRIPTION
Extent 494p.
653 ## - INDEX TERM--UNCONTROLLED
Uncontrolled term East Indo-European & Celtic literatures
942 ## - ADDED ENTRY ELEMENTS (KOHA)
Koha item type Books
Holdings
Withdrawn status Lost status Damaged status Not for loan Home library Current library Shelving location Date acquired Total checkouts Full call number Barcode Date last seen Date last checked out Copy number Price effective from Koha item type
        Naharkatiya College Library Naharkatiya College Library General stacks 09/19/2020 1 891.4514 | ILI 17135 12/15/2020 12/01/2020 1 09/19/2020 Books